WCA Official Events Without Pictures - Statistics

General Stats
  • This quiz has been taken 8 times
  • The average score is 14 of 17
Answer Stats
Answer % Correct
2x2
100%
3x3
100%
3x3 One-Handed
100%
4x4
100%
5x5
100%
6x6
100%
7x7
100%
3x3 Blindfolded
80%
4x4 Blindfolded
80%
5x5 Blindfolded
80%
Clock
80%
Megaminx
80%
Pyraminx
80%
3x3 Fewest Moves
60%
Skewb
60%
Square-1
60%
3x3 Multi-blind
40%
No matching quizzes found
Score Distribution
Percent of People with Each Score
Percentile by Number Answered
Your Score History
You have not taken this quiz